| 000 | 00444nam a2200121Ia 4500 | ||
|---|---|---|---|
| 008 | 160712s9999 xx 000 0 und d | ||
| 100 | _aBarbaza, Peñafrancia Raniela E. | ||
| 245 |
_cPenafrancia Raniela E. Barbaza _aJohnny at Jun Belgica: Pananahan sa Rugaring |
||
| 260 |
_c2013 _bHumanities Diliman |
||
| 300 | _avol. 10 no. 1 | ||
| 650 | _xHUMANITIES | ||
| 856 | _uhttp://journals.upd.edu.ph/index.php/humanitiesdiliman/issue/view/389/showToc | ||
| 999 |
_c297308 _d297308 |
||